[Event "FISCA Online op"]
[Site "Chess.com INT"]
[Date "2020.06.28"]
[Round "9"]
[White "Eisler, Darius"]
[Black "Bhandari, Neel"]
[Result "0-1"]
[WhiteElo "1250"]
[BlackElo "1412"]
[PlyCount "138"]
[EventDate "2020.06.19"]
[EventType "swiss"]
[EventRounds "9"]
[EventCountry "ROU"]
[SourceTitle "CBM 197 Extra"]
[Source "ChessBase"]
[SourceDate "2020.09.30"]
[SourceVersion "1"]
[SourceVersionDate "2020.09.30"]
[SourceQuality "1"]

1. d4 f5 2. Nc3 Nf6 3. Bg5 e6 4. e4 Bb4 5. e5 h6 6. exf6 hxg5 7. fxg7 Rg8 8. Qh5+ Ke7 9. Qg6 Kd6 10. Nf3 Qe7 11. Qxg5 Qxg5 12. Nxg5 Rxg7 13. Nf3 b6 14. a3 Bxc3+ 15. bxc3 Bb7 16. Nd2 c5 17. dxc5+ Kxc5 18. Nb3+ Kd6 19. f3 Nc6 20. Nd4 Rc8 21. Rd1 Ke7 22. Rg1 Nxd4 23. Rxd4 Rxc3 24. Bb5 Rc7 25. Kd2 Bxf3 26. g3 Be4 27. c3 Bc6 28. Bxc6 Rxc6 29. Rd1 Rh7 30. h4 Rg7 31. Rd3 Rc4 32. Kc2 d5 33. Re1 Kf6 34. Rde3 Re7 35. h5 Re4 36. Rxe4 dxe4 37. Rf1 Kg5 38. Rh1 Rh7 39. Kd2 Rxh5 40. Rxh5+ Kxh5 41. Ke3 Kg4 42. c4 Kxg3 43. a4 f4+ 44. Ke2 Kg2 45. a5 f3+ 46. Ke1 f2+ 47. Ke2 f1Q+ 48. Ke3 Qf3+ 49. Kd4 Qd3+ 50. Ke5 Qxc4 51. axb6 axb6 52. Kd6 Qd5+ 53. Ke7 Kf3 54. Kf7 Kf4 55. Kf6 Qg5+ 56. Kxe6 e3 57. Kd7 e2 58. Kd6 e1Q 59. Kd7 Qd5+ 60. Kc7 Qc3+ 61. Kb8 Qc7+ 62. Kxc7 b5 63. Kb8 b4 64. Kc7 b3 65. Kc8 b2 66. Kc7 b1Q 67. Kc8 Qc2+ 68. Kb8 Qdb3+ 69. Ka7 Qca2# 0-1

[Event "FISCA Online op"]
[Site "Chess.com INT"]
[Date "2020.06.27"]
[Round "8"]
[White "Bhandari, Neel"]
[Black "Moroita, Stefan"]
[Result "1-0"]
[WhiteElo "1412"]
[BlackElo "1006"]
[PlyCount "120"]
[EventDate "2020.06.19"]
[EventType "swiss"]
[EventRounds "9"]
[EventCountry "ROU"]
[SourceTitle "CBM 197 Extra"]
[Source "ChessBase"]
[SourceDate "2020.09.30"]
[SourceVersion "1"]
[SourceVersionDate "2020.09.30"]
[SourceQuality "1"]

1. e4 c6 2. d4 d5 3. exd5 cxd5 4. Bd3 Nf6 5. c3 Bg4 6. Qb3 Qb6 7. h3 Bd7 8. Nf3 e6 9. Bf4 Nc6 10. Qxb6 axb6 11. Bc7 h6 12. Bxb6 Bd6 13. 0-0 0-0 14. Re1 Bc8 15. Ne5 Be7 16. Nxc6 bxc6 17. Bc7 Ba6 18. Bc2 Ra7 19. Be5 Rb7 20. b4 Ra8 21. Nd2 Rba7 22. a4 Bb5 23. a5 Ne8 24. Ba4 Nc7 25. Bxc7 Rxc7 26. Nb3 Bc4 27. Nd2 Bb5 28. Nb3 Kh8 29. Ra2 Bg5 30. Bxb5 cxb5 31. Nc5 Be7 32. a6 Bxc5 33. bxc5 Rc6 34. a7 Rc7 35. Rea1 g5 36. Ra6 Kg7 37. c6 Kf6 38. Kf1 Kf5 39. Ke2 e5 40. dxe5 Kxe5 41. Kd3 Kd6 42. Kd4 f6 43. R1a5 Rxc6 44. Rxc6+ Kxc6 45. Ra6+ Kb7 46. Rxf6 Rxa7 47. Rf7+ Kb6 48. Rxa7 Kxa7 49. Kxd5 Kb7 50. Kc5 b4 51. cxb4 Kb8 52. Kb6 h5 53. h4 g4 54. f4 gxf3 55. gxf3 Ka8 56. f4 Kb8 57. f5 Ka8 58. f6 Kb8 59. f7 Kc8 60. f8Q+ Kd7 1-0

[Event "FISCA Online op"]
[Site "Chess.com INT"]
[Date "2020.06.26"]
[Round "7"]
[White "Bhandari, Neel"]
[Black "Donici Maier, David"]
[Result "0-1"]
[WhiteElo "1412"]
[BlackElo "1262"]
[PlyCount "102"]
[EventDate "2020.06.19"]
[EventType "swiss"]
[EventRounds "9"]
[EventCountry "ROU"]
[SourceTitle "CBM 197 Extra"]
[Source "ChessBase"]
[SourceDate "2020.09.30"]
[SourceVersion "1"]
[SourceVersionDate "2020.09.30"]
[SourceQuality "1"]

1. e4 c5 2. Nf3 Nc6 3. d4 cxd4 4. Nxd4 g6 5. c4 Bg7 6. Be3 Nf6 7. Nc3 0-0 8. Be2 d6 9. 0-0 h6 10. Qd2 Kh7 11. f3 a6 12. Rab1 Ne8 13. Nd5 Rb8 14. Nxc6 bxc6 15. Nb4 Qc7 16. c5 a5 17. Na6 Bxa6 18. Bxa6 Nf6 19. Bf4 Qa7 20. Bd3 Qxc5+ 21. Qf2 Nxe4 22. Qxc5 Nxc5 23. Bc4 Rxb2 24. Rxb2 Bxb2 25. Re1 Bf6 26. Rb1 Ne6 27. Bd2 Ra8 28. Rb7 a4 29. Bb4 Ra7 30. Rb8 d5 31. Bd3 c5 32. Ba3 c4 33. Bc2 d4 34. Rb4 Rc7 35. Bxa4 c3 36. Rb6 c2 37. Rc6 Rxc6 38. Bxc6 Bg5 39. Be8 Kg7 40. Kf2 c1Q 41. Bxc1 Bxc1 42. a4 Bd2 43. Ke2 Bc3 44. g3 Nc5 45. Bc6 d3+ 46. Kd1 d2 47. Bb5 Ne6 48. Bc6 Nd4 49. Bd5 e6 50. Be4 Nf5 51. Bxf5 gxf5 0-1

[Event "Sitges Sunway online op"]
[Site "Chess.com INT"]
[Date "2020.04.26"]
[Round "8"]
[White "Bhandari, Neel"]
[Black "Silva, Pedro Gil Ferreira"]
[Result "0-1"]
[WhiteElo "1412"]
[BlackElo "1994"]
[PlyCount "60"]
[EventDate "2020.04.19"]
[EventType "swiss"]
[EventRounds "9"]
[EventCountry "ESP"]
[SourceTitle "EXT 2021"]
[Source "ChessBase"]
[SourceDate "2020.10.23"]
[SourceVersion "1"]
[SourceVersionDate "2020.10.23"]
[SourceQuality "1"]

1. e4 c6 2. d4 g6 3. c4 Bg7 4. f4 d5 5. e5 h5 6. Nf3 Nh6 7. Be2 Bg4 8. Be3 Nf5 9. Bf2 Bxf3 10. Bxf3 e6 11. 0-0 Bf8 12. Nd2 Be7 13. cxd5 cxd5 14. Qb3 Qb6 15. Qxb6 axb6 16. Rac1 Nc6 17. a3 Nfxd4 18. Bxd4 Nxd4 19. Rc7 Rb8 20. Bd1 Nc6 21. Ba4 Kd8 22. Rxc6 bxc6 23. Bxc6 Rc8 24. Ba4 Bc5+ 25. Kh1 Ke7 26. Rf3 Bd4 27. Nf1 Bxb2 28. Rb3 Rc1 29. Bb5 Bd4 30. Rd3 Rxf1# 0-1